000 00357nam a2200157Ia 4500
003 LK-CoDNM
008 010623t1980 xxu||||| |||| 00| 1 sin d
040 _aLK-CoDNM
_dLK-CoDNM
_eLK-CoDNM
041 _asin
080 _a(x)7.07 GUR
245 _aගුරු පූජා
246 _aGurupuja
260 _b
_c1980
300 _b, 22 cm
942 _cBK
999 _c111305
_d111305